00752naa#a2200181#i#4500001002200000005001700022011001400039100004100053102000700094200008700101210005100188215001000239608002700249675024300276700002100519700001600540856001400556EN\INFRA-M\bibl\6717220260516120014.6##a2587-9103##a20230626b2023####ek#y0engy0150####ca##aRU1#aThe Main Communicative Qualities of Speech in Historical CoverageeJournal article1#aMoscowcINFRA-M Academic Publishing LLC.d2023##a6 с.##aJournal article2local##aТеория речи. Риторика устной речи. Культура речи. Ораторское искусство. Управление голосом. Выразительность речи. Красноречие. 808.5#1aAnnushkingV. I.#1aVen'gSuya 4#azh-szf.ru